00353nam a2200133Ia 4500008004100000020001500041041001200056082001100068100001300079245006700092260003600159300000800195650001600203221030s9999 xx 000 0 und d a8131800866 aEnglish a105.23 aM. Weeks 0aDigital Signal Processing Using MATLAB & Waveletscby M. Weeks bFirewall MediaaNew Delhic2011 a452 aBE Computer